Vista normal
Vista MARC
- Amor; Costumbres sociales inglesas
Entrada Topical Term
Número de registros utilizados en: 1
001 - CONTROL NUMBER
- control field: 4144
003 - CONTROL NUMBER IDENTIFIER
- control field: MX-ChCB
005 - DATE AND TIME OF LATEST TRANSACTION
- control field: 20250924134737.0
008 - FIXED-LENGTH DATA ELEMENTS
- fixed length control field: 250924|| aca||aabn | a|a d
040 ## - CATALOGING SOURCE
- Original cataloging agency: MX-ChCB
- Transcribing agency: MX-ChCB
150 ## - HEADING--TOPICAL TERM
- Topical term or geographic name entry element: Amor; Costumbres sociales inglesas
- Form subdivision: Novela clásica
- Chronological subdivision: Siglo XIX
670 ## - SOURCE DATA FOUND
- Source citation: Work cat.: (MX-ChCB): Austen, Jane; 1775-1817 3476, Sensatez y Sentimientos, 2013

